1936 1156 1951 1895 1652 1067 1392 1560 1781 1116 1526 1618 1723 1427 1484 1256 1382 1692 1122 1937 1237 1195 1241 1743 1509 1997 1089 1954 1798 1918 1581 1702 1586 1296 1979 1482 1237 1846 1432 1500 1448 1976 1112 1349 1309 1191 1440 1854 1286 1735 1383 1481 1894 1100 1915 1267 1097 1900 1171 1119 1515 1371 1203 1982 1374 1754 1933 1379 1560 1153 1079 1838 1664 1386 1987 1316 1815 1457 1911 1506 1153 1042 1494 1913 1901 1529 1486 1156 1103 1985 1047 1591 1987 1880 1486 1182 1646 1726 1647 BCNSPRNW ULIB Ver.6.0+V

เปลี่ยนเป็นภาษาไทย

Change to English
 แสดงรายละเอียดบรรณานุกรม
  กลับหน้าหลัก

Brief Record : Get Marc (ISO 2709) : E-mail record : QR code < ปิดหน้าต่าง
LEADER : 00000nam 2200000uu 4500
001    13399112582
003     ULIB
008    110826s2546||||th 000 0 tha d
020    9749317017
050  4 HQ772^bส766ล 2546
100 0  สุดธิดา เปลี่ยนสายสืบ
245 10 เลี้ยงลูกตามปีเกิด /^cสุดธิดา เปลี่ยนสายสืบ
260    กรุงเทพฯ :^bคลินิกสุขภาพ,^c2546
300    207 หน้า
650  4 เด็ก^xการดูแล
650  4 การเลี้ยงเด็ก
650  4 โหราศาสตร์
650  4 จักราศี
650  4 เด็ก^xการดำเนินชีวิต
945    ^p149^l0^i019775
995    ทศพร
999 ^a ทศพร
รายการนี้ยังไม่มีแท็ก
คุณยังไม่ได้ล็อกอิน คุณสามารถมีกิจกรรมร่วมกับเว็บไซต์ได้ แต่ต้องล็อกอินก่อน ::
  ล็อกอิน

รายการสื่อสารสนเทศ

ลำดับที่ ประเภท เลขเรียก/บาร์โค้ด สถานที่ สถานะ
- ไม่พบข้อมูล -

รายการใกล้เคียง
    ผู้แต่ง [สุดธิดา เปลี่ยนสายสืบ]

    หัวเรื่อง [เด็ก การดูแล]
    หัวเรื่อง [การเลี้ยงเด็ก]
    หัวเรื่อง [โหราศาสตร์]

BibComment


ยังไม่เคยถูกคอมเมนท์

คอมเมนท์ทรัพยากรรายการนี้
  คอมเมนท์: เลี้ยงลูกตามปีเกิ..


 Copyright 2026. Bcnsprnw @Library